LEADER 01402nam a2200337 a 4500 001 000000127551 003 CaOOAMICUS 005 20120208130105.0 008 120208s2011 it u000 u ita r 040 $aPUL$bita 041 1 $aita$hger 082 04$a150 100 1 $aFreud, Sigmund,$d1856-1939.$0(OLS)http://pul/name/1881 245 13$aIl sogno e Scritti su ipnosi e suggestione /$cSigmund Freud. 246 13$aScritti su ipnosi e suggestione 260 $aMilano :$bIl Sole 24 ore,$c©2011$aRoma :$bNewton Compton Editori 300 $a295 p. ;$c22 cm 490 1 $aTutto Freud ;$v11 500 $aEd. speciale per Il Sole 24 Ore. 500 $aSul front.: Edizione integrale. 650 4$aPsicologia$xSogni.$0(OLS)http://pul/subject/7753 830 0$aTutto Freud ;$v11.$0(OLS)http://pul/title/160403 850 $aPUL 852 $aPUL$W1$xSL Filosofia 3$y81$m150 COLL 5.11$j147582$qDDC 21$B146212$CPULBib$Z2$F146212 $H119138 $82 941 1 $a9 996 $6082$a150$9(OLS)http://pul/classification/361 996 $6245$aIl sogno e Scritti su ipnosi e suggestione$9(OLS)http://pul/title/161181 996 $6246$aScritti su ipnosi e suggestione$9(OLS)http://pul/title/161182 996 $6260$aMilano :$bIl Sole 24 ore$9(OLS)http://pul/publisher/69212 996 $6260$aRoma :$bNewton Compton Editori$9(OLS)http://pul/publisher/68839 LEADER 01033nam a2200265 a 4500 001 000000169360 003 CaOOAMICUS 005 20180924090949.0 008 180924s1956 it af u000 u ita r 032 $aLibriCat 040 $aPUL$bita 100 1 $aNicco Fasola, Giusta,$d1901-1960.$0(OLS)http://pul/name/7437 245 12$aL'arte nella vita dell'uomo /$cGiusta Nicco Fasola. 260 $aPisa :$bNistri-Lischi,$c1956. 300 $a294 p., [20] c. di tav. :$bill. ;$c19 cm. 490 1 $aSaggi di varia umanità ;$v19 504 $aNote bibliografiche. 650 4$aArte.$0(OLS)http://pul/subject/12836 830 0$aSaggi di varia umanità ;$v19.$0(OLS)http://pul/title/46538 850 $aPUL 852 $aPUL$W1$xDP1 Fondo Dalla Palma$y117$m9 D 99$j192491$qFondi$B197347$CPULBib$Z2$F197347 $HDal2794 $81 941 1 $a1 996 $6245$aL'arte nella vita dell'uomo$9(OLS)http://pul/title/209937 996 $6260$aPisa :$bNistri-Lischi$9(OLS)http://pul/publisher/51559